Animes A-Z par image - Statistiques

Statistiques générales
  • Ce quiz a été pris 53 060 fois
    52 298 depuis la dernière actualisation
  • Le résultat moyen est 16 sur 26
Statistiques - réponses
Par images Hint Réponse % Correct
N Naruto
97%
O One Piece
96%
P Pokémon
96%
A Assassination Classroom
90%
F Fairy Tail
87%
J Jujutsu Kaisen
86%
T Tokyo Ghoul
83%
I Inazuma Eleven
81%
M My Hero Academia
81%
D Detective Conan
80%
H Haikyū!!
72%
V Vinland Saga
71%
B Beyblade
68%
S Sword Art Online
66%
G Great Teacher Onizuka
64%
Y Yu-Gi-Oh!
64%
E Evangelion
55%
C Code Geass
54%
R Re:Zero
47%
K Kingdom
45%
W Wind Breaker
30%
L Lupin III
26%
Z Zom 100
14%
U Undead Unluck
12%
Q Queen's Blade
3%
X Xenosaga
2%
Aucun quiz correspondant
Distribution des résultats
% des personnes avec chaque résultat
Percentile par nombre de réponses
Votre historique - résultats
Vous n’avez pas pris ce quiz depuis la dernière actualisation